| 000 | 00829cam a22002653a 4500 | ||
|---|---|---|---|
| 001 | 59 | ||
| 003 | PGUSA | ||
| 005 | 20140828082942.0 | ||
| 008 | 930301s1993||||xxu|||||s|||||000 | eng d | ||
| 040 |
_aPGUSA _beng |
||
| 042 | _adc | ||
| 050 | 4 | _aB | |
| 100 | 1 |
_aDescartes, René, _d1596-1650 |
|
| 245 | 1 | 0 |
_aDiscourse on the Method of Rightly Conducting One's Reason and of Seeking Truth in the Sciences _h[electronic resource] / _cRené Descartes |
| 260 |
_bProject Gutenberg, _c1993 |
||
| 500 | _aTranslation of Discours de la méthode | ||
| 506 | _aPublic domain in the USA. | ||
| 516 | _aElectronic text | ||
| 653 | _aScience -- Methodology | ||
| 653 | _aMethodology | ||
| 740 | 0 | _aDiscours de la méthode. English | |
| 830 | 0 |
_aProject Gutenberg _v59 |
|
| 856 | 4 | 0 | _uhttp://www.gutenberg.org/ebooks/59 |
| 942 | _cEB | ||
| 999 |
_c229430 _d229430 |
||